01604nam a2200325 i 4500003000900000005001700009007000300026008004100029020001800070040003000088041000800118082002400126100005100150245005300201250002300254264005400277300002700331336002700358337003300385338002800418500006300446520043600509590002700945650003000972650003201002910004701034942001401081952016601095999001701261DO-SdBNP20250718112213.0ta250715s2016 dr 000 p spa d a9781530695492 aDO-SdBNPbspacBNPHUerda aspa 4aRD861.44bV422e222 aVega, Román de lad1964-eautor9879974aut.10aEnero :b30 poemas de amor /cRomán de la Vega aEdición especial 1aSanto Domingo :b[editor no identificado],c2016. a61 páginas :c22 cm. atextobtxt2rdacontent asin mediaciónbn2rdamedia avolumenbnc2rdacarrier aIncluye datos biografícos del autor en la contracubierta aENERO 30 POEMAS DE AMOR, es una fontana de bellísimas musas y sanas inspiraciones de amor, que le dan a esta obra un toque mágico, natural y de sentimientos infinitos. Así como Enero es el primer mes del año, para el autor el amor es parte esencial en su expresión poética, elevando el amor a la cima de la vida como fuente de todas las cosas, por lo que leer esta obra es llegar al corazón y el alma del amor mismo.  aInventariado, 2025/ YL 7aPoesía dominicana2LEMB 7aLiteratura dominicana2LEMB aYLockward/Validado. Control de calidad MFF 2ddccLBS1 00102ddc51708PDaBNPHUbBNPHUcHDd2021-02-04eDonación l0oBNPHU PD RD861.44 V422ep2025-6587r2025-07-15w2025-07-15yLBS1zAutografiado por el autor.  c59541d59541